000
00329nam a2200133Ia 4500
008
240624s9999 xx 000 0 und d
041
_a
eng
082
_a
828 THA
100
_a
THAKUR SANKARSHAN
245
_a
BROTHERS BIHARI
260
_c
2015
_a
New Delhi
_b
HarperCollins
300
_a
x, : 418 : p. : cm. ; 21
365
_c
RS
_b
30
999
_c
26814
_d
26814